000
00272nam a2200133Ia 4500
100
_a
Valkenburg/Van
250
_a
8
942
_c
RB
654
_a
data
245
_a
Reference data for Engineers
260
_b
Newnes
_c
1998
082
_a
621.384
_b
VAL
546
_a
ENGLISH
999
_c
24872
_d
24872